[Event "Arandjelovac ASK-13 IM"]
[Site "Arandjelovac"]
[Date "2023.12.20"]
[Round "3"]
[White "Kosic, Dragan"]
[Black "Ilincic, Zlatko"]
[Result "1/2-1/2"]
[WhiteElo "2402"]
[BlackElo "2302"]
[PlyCount "23"]
[EventDate "2023.12.18"]
[EventType "tourn"]
[EventRounds "9"]
[EventCountry "SRB"]
[SourceTitle "CB52_2023"]
[SourceDate "2023.12.27"]
[SourceVersion "1"]
[SourceVersionDate "2023.12.27"]
[SourceQuality "1"]

1. c4 c5 2. Nf3 Nc6 3. d4 cxd4 4. Nxd4 Nf6 5. Nc3 g6 6. g3 d6 7. Bg2 Bd7 8. 0-0 Bg7 9. Nc2 0-0 10. Ne3 Rc8 11. b3 a6 12. Bb2 1/2-1/2

[Event "BIH-chT 21st"]
[Site "Sarajevo"]
[Date "2023.11.06"]
[Round "7.3"]
[White "Ozen, Deniz"]
[Black "Kosic, Dragan"]
[Result "1/2-1/2"]
[WhiteElo "2389"]
[BlackElo "2395"]
[PlyCount "77"]
[EventDate "2023.10.31"]
[EventType "team-tourn"]
[EventRounds "9"]
[EventCountry "BIH"]
[SourceTitle "Mega2024 Update 01"]
[Source "Chessbase"]
[SourceDate "2023.11.12"]
[SourceVersion "1"]
[SourceVersionDate "2023.11.12"]
[SourceQuality "1"]
[WhiteTeam "Busovaca Hrasno"]
[BlackTeam "Sarajevo Napredak"]
[WhiteTeamCountry "BIH"]
[BlackTeamCountry "BIH"]

1. e4 e6 2. d4 d5 3. Nc3 dxe4 4. Nxe4 Be7 5. g3 Bd7 6. Nf3 Bc6 7. Nc3 Nf6 8. Bg2 Nbd7 9. 0-0 0-0 10. a3 a5 11. Re1 Re8 12. Qd3 Bf8 13. Bd2 g6 14. Rad1 Qb8 15. Ne5 Bxg2 16. Kxg2 Bg7 17. Qf3 c6 18. Ne4 Nxe5 19. Nxf6+ Bxf6 20. Qxf6 Nd7 21. Qf3 Qd6 22. c4 a4 23. Bc3 Rac8 24. h4 b5 25. cxb5 cxb5 26. d5 e5 27. Bb4 Qb6 28. Rc1 Qd4 29. Rxc8 Rxc8 30. Bc3 Qc4 31. Rd1 h5 32. Qe3 f6 33. Qd2 Kg7 34. Kg1 Qg4 35. d6 Rc4 36. Qd5 Rc5 37. Qd2 Rc4 38. Qd5 Rc5 39. Qd2 1/2-1/2

[Event "SRB-chT Premier"]
[Site "Bajina Basta"]
[Date "2023.09.24"]
[Round "7.6"]
[White "Perunovic, Miodrag"]
[Black "Kosic, Dragan"]
[Result "1/2-1/2"]
[WhiteElo "2384"]
[BlackElo "2396"]
[PlyCount "67"]
[EventDate "2023.09.18"]
[EventType "team-tourn"]
[EventRounds "11"]
[EventCountry "SRB"]
[SourceTitle "EXT 2024"]
[Source "ChessBase"]
[SourceDate "2023.10.10"]
[SourceVersion "1"]
[SourceVersionDate "2023.10.10"]
[SourceQuality "1"]
[WhiteTeam "Pozega"]
[BlackTeam "Ruma Sloven"]
[WhiteTeamCountry "SRB"]
[BlackTeamCountry "SRB"]

1. e4 e6 2. d4 d5 3. Nc3 dxe4 4. Nxe4 Be7 5. Nf3 Nf6 6. Bd3 Nxe4 7. Bxe4 c5 8. 0-0 Nd7 9. c3 0-0 10. Qe2 cxd4 11. Nxd4 Nf6 12. Bf3 a6 13. Bf4 Bd6 14. Bxd6 Qxd6 15. Rad1 Qc7 16. Rfe1 Bd7 17. Qe5 Rfc8 18. Qg5 h6 19. Qh4 Rab8 20. Re3 e5 21. Nc2 Re8 22. Rde1 Bf5 23. Nb4 e4 24. Bd1 Rbd8 25. Bb3 Rd2 26. Nc2 Kh7 27. h3 Be6 28. R3e2 Rxe2 29. Rxe2 Bxb3 30. axb3 Rd8 31. Nd4 Rd5 32. Qg3 Qxg3 33. fxg3 h5 34. b4 1/2-1/2

[Event "MNT CupT"]
[Site "Cetinje"]
[Date "2023.07.11"]
[Round "4.2"]
[White "Mandic, Stefan"]
[Black "Kosic, Dragan"]
[Result "0-1"]
[WhiteElo "1999"]
[BlackElo "2400"]
[PlyCount "92"]
[EventDate "2023.07.09"]
[EventType "team-swiss"]
[EventRounds "5"]
[EventCountry "MNE"]
[SourceTitle "CBM 215 Extra"]
[Source "ChessBase"]
[SourceDate "2023.09.30"]
[SourceVersion "1"]
[SourceVersionDate "2023.09.30"]
[SourceQuality "1"]
[WhiteTeam "Dama"]
[BlackTeam "Crnogorac"]
[WhiteTeamCountry "MNE"]
[BlackTeamCountry "MNE"]

1. e4 e6 2. d4 d5 3. Nd2 dxe4 4. Nxe4 Be7 5. Nf3 Nf6 6. Bd3 Bd7 7. Be3 Nxe4 8. Bxe4 Bc6 9. Qd3 Bxe4 10. Qxe4 c6 11. 0-0-0 Qd5 12. Qxd5 cxd5 13. Ne5 Nd7 14. Nd3 0-0 15. g4 Rfc8 16. h4 b5 17. h5 a5 18. g5 b4 19. Rdg1 Ra6 20. f3 Rac6 21. Rh2 Rc4 22. g6 Bf6 23. Nf4 R8c6 24. h6 fxg6 25. Rxg6 e5 26. Rxf6 Rxf6 27. Nxd5 Rxf3 28. b3 Rc3 29. Kd2 Nf6 30. Nxc3 bxc3+ 31. Ke2 Rxe3+ 32. Kxe3 Ng4+ 33. Ke4 Nxh2 34. hxg7 exd4 35. Kxd4 h5 36. Kxc3 Nf3 37. Kd3 Ne1+ 38. Ke4 Nxc2 39. Kf5 Kxg7 40. Kg5 Kf7 41. Kxh5 Ke6 42. Kg5 Nb4 43. a3 Nc2 44. Kf4 Nxa3 45. Ke4 Nb5 46. Kd3 Kd5 0-1

[Event "MNT CupT"]
[Site "Cetinje"]
[Date "2023.07.10"]
[Round "2.1"]
[White "Bubanja, Masan"]
[Black "Kosic, Dragan"]
[Result "0-1"]
[WhiteElo "1894"]
[BlackElo "2400"]
[PlyCount "106"]
[EventDate "2023.07.09"]
[EventType "team-swiss"]
[EventRounds "5"]
[EventCountry "MNE"]
[SourceTitle "CBM 215 Extra"]
[Source "ChessBase"]
[SourceDate "2023.09.30"]
[SourceVersion "1"]
[SourceVersionDate "2023.09.30"]
[SourceQuality "1"]
[WhiteTeam "Herceg Novi"]
[BlackTeam "Crnogorac"]
[WhiteTeamCountry "MNE"]
[BlackTeamCountry "MNE"]

1. e4 c5 2. Nf3 e6 3. Be2 Nc6 4. d4 cxd4 5. Nxd4 Nf6 6. Nxc6 bxc6 7. Nd2 d5 8. exd5 cxd5 9. Bb5+ Bd7 10. Qe2 Bd6 11. Bxd7+ Qxd7 12. 0-0 0-0 13. c3 a5 14. h3 a4 15. a3 Rfc8 16. g4 Qb7 17. g5 Nd7 18. f4 Nc5 19. Rb1 Qa6 20. Qf3 Nd3 21. Qg4 Qb6+ 22. Kg2 Nxc1 23. Rfxc1 Qe3 24. Nf3 Qxf4 25. Qxf4 Bxf4 26. Re1 Rc4 27. Rbd1 Rb8 28. Re2 g6 29. h4 Re4 30. Rc2 Rc8 31. Rd4 Rc4 32. Rxc4 Rxc4 33. Re2 Kg7 34. Kh3 Bd6 35. Rd2 Re4 36. Rd3 Re2 37. c4 Rxb2 38. cxd5 exd5 39. Rxd5 Bxa3 40. Ra5 Rb3 41. Kg4 Rb4+ 42. Kg3 Bc1 43. Rc5 Bf4+ 44. Kh3 a3 45. Ra5 Rb3 46. Kg4 Bd6 47. Ra6 Rd3 48. Ra7 h5+ 49. gxh6+ Kxh6 50. Rxf7 a2 51. Ra7 Ra3 52. Rd7 a1Q 53. Rxd6 Rxf3 0-1

[Event "Budapest FS03 GM"]
[Site "Budapest"]
[Date "2023.03.14"]
[Round "9"]
[White "Kosic, Dragan"]
[Black "Bruedigam, Martin"]
[Result "1/2-1/2"]
[WhiteElo "2387"]
[BlackElo "2386"]
[PlyCount "66"]
[EventDate "2023.03.04"]
[EventType "tourn"]
[EventRounds "9"]
[EventCountry "HUN"]
[EventCategory "6"]
[SourceTitle "CBM 213 Extra"]
[Source "ChessBase"]
[SourceDate "2023.05.31"]
[SourceVersion "1"]
[SourceVersionDate "2023.05.31"]
[SourceQuality "1"]

1. d4 Nf6 2. Bg5 e6 3. Nd2 h6 4. Bh4 d5 5. e3 Be7 6. Bd3 b6 7. c3 Bb7 8. Bxf6 Bxf6 9. f4 Qc8 10. Ngf3 Ba6 11. Bc2 Nd7 12. Kf2 c5 13. Rc1 Qc7 14. g3 Be7 15. Kg2 Rc8 16. h4 b5 17. a3 Qb7 18. g4 b4 19. cxb4 cxb4 20. a4 Bd6 21. Ne5 Nxe5 22. fxe5 Be7 23. Qf3 b3 24. Bb1 Rxc1 25. Rxc1 Bxh4 26. Rc3 Qb4 27. Nxb3 0-0 28. Qd1 Qxa4 29. Bc2 Qb5 30. Bd3 Qb6 31. Bb1 Qb5 32. Bd3 Qb6 33. Bb1 Qb5 1/2-1/2

[Event "Budapest FS12 GM"]
[Site "Budapest"]
[Date "2022.12.12"]
[Round "8"]
[White "Kosic, Dragan"]
[Black "Setyaki, Azarya Jodi"]
[Result "1-0"]
[WhiteElo "2418"]
[BlackElo "2403"]
[PlyCount "65"]
[EventDate "2022.12.03"]
[EventType "tourn"]
[EventRounds "9"]
[EventCountry "HUN"]
[EventCategory "6"]
[SourceTitle "CBM 212 Extra"]
[Source "ChessBase"]
[SourceDate "2023.03.31"]
[SourceVersion "1"]
[SourceVersionDate "2023.03.31"]
[SourceQuality "1"]

1. d4 Nf6 2. Nf3 g6 3. Bg5 Bg7 4. Nbd2 0-0 5. c3 d6 6. e3 b6 7. Bd3 Bb7 8. 0-0 c5 9. Qe2 a6 10. e4 h6 11. Bh4 Nh5 12. Qe3 g5 13. Bg3 Nd7 14. Rfd1 b5 15. Nf1 cxd4 16. Nxd4 Nxg3 17. Nxg3 e6 18. Nh5 Bh8 19. h4 Ne5 20. Bc2 g4 21. Qxh6 Qxh4 22. g3 Qe7 23. Kg2 Rfc8 24. Rh1 Ng6 25. Kg1 Be5 26. Re1 Rc5 27. Bb3 Rc4 28. Bxc4 bxc4 29. Rh2 Rc8 30. f4 gxf3 31. Nxf3 Bf6 32. Ng5 Rc5 33. Rf1 1-0

[Event "Budapest FS12 GM"]
[Site "Budapest"]
[Date "2022.12.10"]
[Round "7"]
[White "Tyurin, Artem"]
[Black "Kosic, Dragan"]
[Result "1/2-1/2"]
[WhiteElo "2370"]
[BlackElo "2418"]
[PlyCount "40"]
[EventDate "2022.12.03"]
[EventType "tourn"]
[EventRounds "9"]
[EventCountry "HUN"]
[EventCategory "6"]
[SourceTitle "CBM 212 Extra"]
[Source "ChessBase"]
[SourceDate "2023.03.31"]
[SourceVersion "1"]
[SourceVersionDate "2023.03.31"]
[SourceQuality "1"]

1. c4 c5 2. Nf3 Nc6 3. d4 cxd4 4. Nxd4 Nf6 5. Nc3 Qb6 6. Nb3 e6 7. a3 d5 8. Be3 Qd8 9. cxd5 Nxd5 10. Nxd5 exd5 11. g3 Be7 12. Bg2 Be6 13. 0-0 0-0 14. Bc5 Rc8 15. Rc1 b6 16. Bxe7 Qxe7 17. Qd2 Qd7 18. Qd1 Qe7 19. Qd2 Qd7 20. Qd1 Qe7 1/2-1/2

[Event "Budapest FS12 GM"]
[Site "Budapest"]
[Date "2022.12.07"]
[Round "5"]
[White "Prraneeth, Vuppala"]
[Black "Kosic, Dragan"]
[Result "0-1"]
[WhiteElo "2427"]
[BlackElo "2418"]
[PlyCount "126"]
[EventDate "2022.12.03"]
[EventType "tourn"]
[EventRounds "9"]
[EventCountry "HUN"]
[EventCategory "6"]
[SourceTitle "CBM 212 Extra"]
[Source "ChessBase"]
[SourceDate "2023.03.31"]
[SourceVersion "1"]
[SourceVersionDate "2023.03.31"]
[SourceQuality "1"]

1. e4 e6 2. d4 d5 3. e5 c5 4. c3 Nc6 5. Nf3 Bd7 6. Be2 Nge7 7. Na3 cxd4 8. cxd4 Nf5 9. Nc2 Be7 10. 0-0 0-0 11. Bd3 Rc8 12. Bd2 f6 13. Bxf5 exf5 14. Re1 fxe5 15. dxe5 Be6 16. Bc3 f4 17. Ncd4 Nxd4 18. Nxd4 Qd7 19. Nxe6 Qxe6 20. Qf3 Bc5 21. Rad1 Rcd8 22. Bd4 b6 23. a3 Bxd4 24. Rxd4 Rf5 25. Qh3 g5 26. Qg4 Qg6 27. Qd1 Qe6 28. Qg4 Qg6 29. h3 Kg7 30. Qf3 Qe6 31. Qg4 Qg6 32. Qf3 Qe6 33. Qc3 Rc8 34. Qd3 Rd8 35. Qc3 Rc8 36. Qd3 Rd8 37. Qa6 Rd7 38. Qb5 Rd8 39. Qa6 Rd7 40. Qc8 h5 41. Rd3 g4 42. Rc3 Re7 43. Qxe6 Rxe6 44. Rc7+ Rf7 45. Rc8 Rfe7 46. hxg4 hxg4 47. Kf1 Rh6 48. Kg1 Rhe6 49. Kf1 Rh6 50. Kg1 Rh5 51. e6 Rh6 52. Rc6 Kf6 53. Rd6 Rh5 54. b4 Re5 55. Rd1 R7xe6 56. R6xd5 Rxd5 57. Rxd5 Re1+ 58. Kh2 Re2 59. Rd7 Rxf2 60. Kg1 Ra2 61. Rxa7 Kg5 62. a4 Kh4 63. a5 b5 0-1